Statistiken für Filme nach Introbeschreibung

Klicken Sie hier um das Quiz zu spielen!

Allgemein

  • Dieses Quiz wurde 956 mal gespielt
  • Das Durchschnittsergebnis liegt bei 5 aus 15

Antwortstatistiken

BeschreibungFilm% Korrekt
Ein Grabräuber wird auf der Suche nach einem Artefakt zweimal verraten, stirbt mehrmals beinahe und verliert das Artefakt schließlich an einen anderen Grabräuber.Jäger des verlorenen Schatzes
83%
Ein Milliardär protzt mit den Waffen seiner Firma, bevor er von seiner eigenen Waffe fast getötet und entführt wird.Iron Man
72%
Ein kleines Terroristenschiff wird von einem riesigen Schiff der Regierung verfolgt. Als dieses am kleinen Schiff andockt, wird dessen Anführerin inhaftiert und der Rest der Besatzung getötet, bis auf zwei besondere Mitglieder, die entkommen.Krieg der Sterne
60%
Ein Prinz wird geboren und alle sind dabei.Der König der Löwen
47%
Ein geschiedener Mann mit Waffe und Flugangst besucht an Weihnachten seine Familie.Stirb langsam
44%
Ein Kind stiehlt ein Buch und liest es auf dem Dachboden.Die unendliche Geschichte
43%
Der Kameramann wird durch seine Linse erschossen. Daraufhin tanzen gutaussehende Frauen.James Bond
42%
Die Menschheit ist dem Untergang geweiht. Zudem stehen die auf der veränderten Erde noch existierenden Nutzpflanzen durch Krankheiten vor dem Aussterben.Interstellar
36%
Eine Gruppe Jugendlicher feiert am Strand, bis eine von ihnen beim Nacktbaden einen "Unfall" erleidet.Der weiße Hai
30%
Ein Frachter ist auf dem Heimweg, jedoch werden plötzlich alle sieben Crewmitglieder frühzeitig geweckt.Alien
25%
Ein paar Kinder zerstören die Inneneinrichtung ihrer Häuser und legen sich mit einer Gruppe Älterer an, nachdem sie deren Anführer gefatshamed haben.Die wilden Kerle
24%
Ein mächtiger, bewaffneter Rassist und Antisemit besucht einen Bauern und schießt auf eine Menschengruppe.Inglourious Basterds
15%
In einer Vorstadt schläft spät nachts alles. Einzig ein kleines Kind ist wach und interagiert stark mit dem Fernseher.Poltergeist
10%
Ein zu Großem bestimmter Zehnjähriger wird am Strand vor seiner Mutter von einem Zeitreisenden erschossen.Terminator: Dark Fate
8%
Ein Vater zieht mit seinen Töchtern aufs Land in die Nähe der kranken Mutter.Mein Nachbar Totoro
6%

Verteilung der Resultate

Perzentil nach korrekt beantworteten Fragen

Anzahl Personen mit jedem Resultat

Ihre Resultats-Entwicklung

Sie haben dieses Quiz noch nicht gespielt